000 00888nam a22003137a 4500
001 BR8006450
003 BR-BrBNA
005 20230928090806.0
007 ta
008 230509b bl.||||| |||| 00| 0 por d
040 _aBR-BrBNA
_bpor
_cBiblioteca Nacional de Agricultura
041 _a(Por)
072 _aM30
_b/G514
090 _ M30 BR8006450
100 1 _aMarins, R.V.
110 1 _aSecretaria da Agricultura do Estado de Mato Grosso, Cuiaba (Brasil)
_98213
245 1 _aEstudos Limnologicos no Pantanal Mato-grossense [Brasil]
260 3 _aCuiaba, MT (Brasil):
_c1980.
300 _a33 p.
500 _aSummaries (Eng, Por); 37 ref.
650 _aAGUA DOCE
650 _aBIOLOGIA AQUATICA
650 _aFISICA DA AGUA
650 _aQUIMICA DA AGUA
650 _aRIO
650 _aPANTANAL MATOGROSSENSE
909 _a202309
_bLucia
_c55
_dLucia Elande
942 _cBK
999 _c30558
_d30558